[Event "Budapest FS06 FM-A"]
[Site "Budapest"]
[Date "2010.06.12"]
[Round "8"]
[White "Mester, Attila"]
[Black "Tran, Minh Trang"]
[Result "1-0"]
[WhiteElo "2109"]
[BlackElo "2021"]
[PlyCount "129"]
[EventDate "2010.06.05"]
[EventType "tourn"]
[EventRounds "9"]
[EventCountry "HUN"]
[SourceTitle "CBM 136 Extra"]
[Source "ChessBase"]
[SourceDate "2010.07.02"]
[SourceVersion "2"]
[SourceVersionDate "2010.07.15"]
[SourceQuality "1"]

1. e4 c5 2. Nf3 g6 3. d4 cxd4 4. Nxd4 Nc6 5. c4 Bg7 6. Be3 Nf6 7. Nc3 0-0 8. Be2 Qb6 9. Nxc6 Qxc6 10. f3 d6 11. Rc1 Be6 12. Nd5 Bxd5 13. exd5 Qd7 14. 0-0 Ne8 15. b3 f5 16. Qd2 Nf6 17. Rfe1 Rf7 18. Bf1 Kh8 19. g3 Raf8 20. Bxa7 f4 21. g4 g5 22. Re6 Ne8 23. Rce1 Bf6 24. Bb6 Ng7 25. Bd3 Nxe6 26. dxe6 Qc6 27. Bf2 Rg7 28. Be4 Qc7 29. a4 Be5 30. a5 Rf6 31. Bd5 h5 32. Qb4 hxg4 33. fxg4 f3 34. Qb6 Qxb6 35. Bxb6 Rh7 36. Rxe5 dxe5 37. Bf2 Rhh6 38. Bxb7 Rxe6 39. Bxf3 e4 40. Bd4+ Kg8 41. Be2 Rd6 42. Be3 Rh3 43. Bxg5 Rxb3 44. c5 Rb1+ 45. Kf2 Rd7 46. Bf4 Ra7 47. a6 Rb2 48. Ke3 Rxe2+ 49. Kxe2 Rxa6 50. Ke3 Re6 51. h4 Kg7 52. h5 Kh7 53. Kd4 Kg7 54. g5 Kf7 55. Be3 Ra6 56. Kxe4 Ke6 57. Bd4 Ra2 58. h6 Rh2 59. Be3 Kf7 60. c6 Kg6 61. Kd5 Rc2 62. Bd4 Rc1 63. Be5 Rd1+ 64. Ke6 Kh7 65. c7 1-0

[Event "Budapest FS06 FM-A"]
[Site "Budapest"]
[Date "2010.06.11"]
[Round "7"]
[White "Tran, Minh Trang"]
[Black "Schenkerik, Csaba"]
[Result "1-0"]
[WhiteElo "2021"]
[BlackElo "2161"]
[PlyCount "71"]
[EventDate "2010.06.05"]
[EventType "tourn"]
[EventRounds "9"]
[EventCountry "HUN"]
[SourceTitle "CBM 136 Extra"]
[Source "ChessBase"]
[SourceDate "2010.07.02"]
[SourceVersion "2"]
[SourceVersionDate "2010.07.15"]
[SourceQuality "1"]

1. d4 d5 2. Bf4 c5 3. c3 Qb6 4. Qd2 Nf6 5. e3 Bf5 6. Nf3 Ne4 7. Qc1 e6 8. Nbd2 Nc6 9. Nxe4 Bxe4 10. Qd2 Be7 11. Bd3 Bxd3 12. Qxd3 Rc8 13. 0-0 0-0 14. b3 cxd4 15. exd4 Rfd8 16. Bg5 h6 17. Bxe7 Nxe7 18. Ne5 Nf5 19. g4 Nd6 20. f3 Nb5 21. Rac1 Qa5 22. b4 Qb6 23. a4 Nd6 24. Kh1 Nc4 25. f4 Nxe5 26. fxe5 Qc6 27. g5 hxg5 28. Rg1 Qc4 29. Qe3 g6 30. Rxg5 Qb3 31. Qd3 Rd7 32. h4 Qb2 33. Rcg1 Rxc3 34. Rxg6+ Kf8 35. Rg8+ Ke7 36. Qf1 1-0

[Event "Budapest FS06 FM-A"]
[Site "Budapest"]
[Date "2010.06.05"]
[Round "1"]
[White "Hocevar, Nikola"]
[Black "Tran, Minh Trang"]
[Result "1-0"]
[WhiteElo "2105"]
[BlackElo "2021"]
[PlyCount "25"]
[EventDate "2010.06.05"]
[EventType "tourn"]
[EventRounds "9"]
[EventCountry "HUN"]
[SourceTitle "CBM 136 Extra"]
[Source "ChessBase"]
[SourceDate "2010.07.02"]
[SourceVersion "2"]
[SourceVersionDate "2010.07.15"]
[SourceQuality "1"]

1. d4 e6 2. Nf3 b6 3. Nbd2 f5 4. e4 fxe4 5. Nxe4 Bb7 6. Bd3 Be7 7. Nfg5 g6 8. h4 Nf6 9. h5 Nxe4 10. Nxe4 Kf7 11. Qg4 Nc6 12. Ng5+ Kg7 13. Nxh7 1-0